[Event "4NCL/Div3/WES2 vs. 3CS"]
[Site "Hinckley Island ENG"]
[Date "2010.01.16"]
[Round "3.4"]
[White "Bentley, John L"]
[Black "Pleasants, Allan J"]
[Result "1-0"]
[WhiteElo "2237"]
[BlackElo "2079"]
[PlyCount "107"]
[EventDate "2010.01.16"]
[SourceDate "2009.10.24"]

1. d4 Nf6 2. Nc3 d5 3. Bg5 Nbd7 4. e3 c6 5. Nf3 Qb6 6. Rb1 e6 7. Bd3 c5 8. O-O
Be7 9. Re1 O-O 10. Ne5 a6 11. e4 dxe4 12. Nxd7 Bxd7 13. Nxe4 Qd8 14. Nxf6+ Bxf6
15. Bxf6 Qxf6 16. Qh5 h6 17. Qxc5 Bc6 18. Qe5 Rfd8 19. Qxf6 gxf6 20. Rbd1 f5
21. Bc4 Kg7 22. f4 Rac8 23. Bb3 Be4 24. Rd2 Kf6 25. Kf2 Rg8 26. g3 b5 27. c3
Rc7 28. Red1 Re8 29. d5 exd5 30. Bxd5 Rce7 31. Bb3 Bb7 32. Rd6+ Kg7 33. R1d2
Bc8 34. Rd8 Rxd8 35. Rxd8 Bb7 36. Rd6 Bc8 37. Bd5 a5 38. a3 Bb7 39. b4 axb4 40.
axb4 Bxd5 41. Rxd5 Rb7 42. Rxf5 Kg6 43. g4 f6 44. Rc5 Rb8 45. h4 Rb7 46. Kf3
Rb8 47. h5+ Kg7 48. Rc7+ Kg8 49. Ke4 Kh8 50. Kf5 Rg8 51. Rb7 Rc8 52. Rxb5 Rxc3
53. Kg6 Rc8 54. Rc5 1-0

[Event "4NCL/Div3/WES2 vs. 3CS"]
[Site "Hinckley Island ENG"]
[Date "2010.01.16"]
[Round "3.5"]
[White "Clark, Ian C"]
[Black "Burke, Mitchell R"]
[Result "0-1"]
[WhiteElo "2072"]
[BlackElo "1883"]
[PlyCount "108"]
[EventDate "2010.01.16"]
[SourceDate "2009.10.24"]

1. e4 c6 2. d4 d5 3. Nc3 dxe4 4. Nxe4 Nf6 5. Nxf6+ exf6 6. Nf3 Bd6 7. Be2 Bf5
8. O-O O-O 9. b3 Qc7 10. c4 Nd7 11. Bb2 Rfe8 12. h3 Rad8 13. Nh4 Bg6 14. Nxg6
hxg6 15. Bf3 c5 16. Re1 cxd4 17. Rxe8+ Rxe8 18. Bxd4 Ne5 19. Bd5 Nc6 20. Bc3
Bc5 21. Qg4 Ne5 22. Qg3 a5 23. Re1 Bd4 24. Bxd4 Nf3+ 25. Bxf3 Rxe1+ 26. Kh2 Qd7
27. Bd5 Rd1 28. Bc3 b5 29. Qb8+ Kh7 30. Qxb5 Qxb5 31. cxb5 Rxd5 32. Bxa5 Rxb5
33. Bd2 Rc5 34. Be3 Rc2 35. a3 Rc3 36. b4 Rxa3 37. Kg3 Rb3 38. Kf4 Rxb4+ 39.
Kf3 f5 40. Kg3 f6 41. h4 g5 42. hxg5 fxg5 43. Bc5 Rb3+ 44. Kh2 Kg6 45. Bd4 Rd3
46. Bc5 Kf6 47. Bb6 g4 48. Bc5 g5 49. Bb6 f4 50. Bc7 Kf5 51. g3 Ke4 52. Kg2 Rd1
53. Bb6 f3+ 54. Kh2 Rf1 0-1

[Event "4NCL/Div3/WES2 vs. 3CS"]
[Site "Hinckley Island ENG"]
[Date "2010.01.16"]
[Round "3.6"]
[White "Horton, Jamie A"]
[Black "Gregory, Keith DF"]
[Result "1/2-1/2"]
[WhiteElo "1890"]
[BlackElo "2056"]
[PlyCount "68"]
[EventDate "2010.01.16"]
[SourceDate "2009.10.24"]

1. c4 d6 2. g3 g6 3. Bg2 Bg7 4. Nc3 e5 5. d3 Nc6 6. e3 Be6 7. Nge2 Qd7 8. Rb1
Nge7 9. e4 O-O 10. O-O f5 11. f3 h6 12. h4 fxe4 13. fxe4 Bg4 14. Be3 Nd4 15.
Bxd4 exd4 16. Nd5 Nc6 17. Qc2 Be5 18. Kh2 Kg7 19. Qd2 Rae8 20. a3 Nd8 21. Ng1
c6 22. Nf4 Rf6 23. Bh3 Ref8 24. Rf2 Kh7 25. Rbf1 Bxh3 26. Ngxh3 Qg4 27. Qe2 Qd7
28. Kg2 R8f7 29. h5 g5 30. Ng6 Rxf2+ 31. Rxf2 Rxf2+ 32. Qxf2 Qf7 33. Nxe5 dxe5
34. Qxf7+ Nxf7 1/2-1/2

[Event "4NCL/Div3/SBS vs. ICENI"]
[Site "Hinckley Island ENG"]
[Date "2010.01.16"]
[Round "3.1"]
[White "Lutton, J Ezra"]
[Black "Reynolds, D Ian W"]
[Result "1-0"]
[WhiteElo "2098"]
[BlackElo "2096"]
[PlyCount "45"]
[EventDate "2010.01.16"]
[SourceDate "2009.10.24"]

1. Nc3 g6 2. e4 Bg7 3. f4 c5 4. Nf3 Nc6 5. Bb5 a6 6. Bxc6 bxc6 7. d3 Rb8 8. O-O
d6 9. Qe1 e6 10. f5 Ne7 11. Ng5 exf5 12. exf5 Bxf5 13. g4 Be6 14. Nxe6 fxe6 15.
Qxe6 Bd4+ 16. Kh1 Qd7 17. Qf7+ Kd8 18. Bg5 Qe8 19. Qe6 Qd7 20. Rae1 Qxe6 21.
Rxe6 h6 22. Bxe7+ Kd7 23. Re2 1-0

[Event "4NCL/Div3/SBS vs. ICENI"]
[Site "Hinckley Island ENG"]
[Date "2010.01.16"]
[Round "3.2"]
[White "Savage, Nicholas W"]
[Black "Cairns, Stephen"]
[Result "1-0"]
[WhiteElo "2058"]
[BlackElo "2106"]
[PlyCount "75"]
[EventDate "2010.01.16"]
[SourceDate "2009.10.24"]

1. d4 d5 2. c4 e6 3. Nc3 Nf6 4. cxd5 exd5 5. Bg5 c6 6. e3 Be7 7. Bd3 O-O 8. Qc2
Nbd7 9. Nf3 Re8 10. O-O Nf8 11. Rab1 Ne4 12. Bxe7 Qxe7 13. b4 a6 14. Na4 Ra7
15. Rfc1 Ng6 16. Nc5 f5 17. a4 f4 18. exf4 Nxf4 19. Re1 Bf5 20. Bxe4 dxe4 21.
Ne5 a5 22. bxa5 Ne6 23. Qc4 Rd8 24. Nxe6 Bxe6 25. Qb4 Qxb4 26. Rxb4 Bd5 27.
Reb1 Rxa5 28. Rxb7 Rxa4 29. Rb8 Rf8 30. R1b4 Ra2 31. Rb2 Rxb2 32. Rxb2 g6 33.
Kf1 Ra8 34. Ke2 Ra3 35. Rc2 Ra4 36. Nxc6 Bxc6 37. Rxc6 Rxd4 38. Rc7 1-0

[Event "4NCL/Div3/SBS vs. ICENI"]
[Site "Hinckley Island ENG"]
[Date "2010.01.16"]
[Round "3.4"]
[White "Feavyour, John A"]
[Black "Healey, Michael W"]
[Result "1-0"]
[WhiteElo "2076"]
[BlackElo "2016"]
[PlyCount "77"]
[EventDate "2010.01.16"]
[SourceDate "2009.10.24"]

1. d4 Nf6 2. c4 Nc6 3. Nf3 e6 4. Nc3 Bb4 5. Qc2 O-O 6. e3 d6 7. Bd2 Qe7 8. Be2
Bxc3 9. Bxc3 e5 10. d5 Nb8 11. h3 a5 12. O-O Nbd7 13. Nd2 b5 14. cxb5 Nxd5 15.
Bf3 Bb7 16. Nb3 Nb4 17. Qd1 e4 18. Be2 c5 19. bxc6 Nxc6 20. Nd4 Nxd4 21. Qxd4
Ne5 22. Rad1 Rfd8 23. f4 exf3 24. Bxf3 Bxf3 25. gxf3 f6 26. Qd5+ Nf7 27. Kf2
Rdc8 28. Rg1 Rab8 29. Rd2 Rc5 30. Qd3 Qe6 31. Rg3 Rh5 32. Kg2 Re8 33. f4 Kf8
34. Qd4 Qc8 35. e4 Qb7 36. Re2 d5 37. Qc5+ Qe7 38. Qxa5 Kg8 39. Qb5 1-0

[Event "4NCL/Div3/SBS vs. ICENI"]
[Site "Hinckley Island ENG"]
[Date "2010.01.16"]
[Round "3.5"]
[White "Harley-Yeo, Gareth"]
[Black "Botham, C Paul"]
[Result "1/2-1/2"]
[WhiteElo "2059"]
[BlackElo "2040"]
[PlyCount "84"]
[EventDate "2010.01.16"]
[SourceDate "2009.10.24"]

1. d4 Nf6 2. c4 g6 3. Nc3 d5 4. cxd5 Nxd5 5. Bd2 Bg7 6. e4 Nxc3 7. Bxc3 O-O 8.
Be2 c6 9. f4 Nd7 10. Nf3 Nf6 11. Qd3 Bg4 12. h3 Bxf3 13. Bxf3 e6 14. g4 Qc7 15.
e5 Nd5 16. Bxd5 cxd5 17. f5 exf5 18. gxf5 Rfe8 19. Qf3 Qc6 20. O-O gxf5 21.
Qxf5 Qe6 22. Rae1 Rac8 23. Rf3 Qxf5 24. Rxf5 Re6 25. Ref1 Rc7 26. h4 b6 27. h5
a5 28. R1f2 Rec6 29. Rg2 h6 30. Rf4 Kh7 31. Rgf2 Kg8 32. a3 Re6 33. Rg4 Kh7 34.
Rfg2 f6 35. Rg6 Rec6 36. exf6 Rxf6 37. Rxf6 Bxf6 38. Rf2 Kg7 39. Rf5 Rd7 40.
Kf2 Kf7 41. Ke2 Ke6 42. Rf3 Bg5 1/2-1/2

[Event "4NCL/Div3/SBS vs. ICENI"]
[Site "Hinckley Island ENG"]
[Date "2010.01.16"]
[Round "3.6"]
[White "Donaghay, Richard H"]
[Black "Makepeace, Philip J"]
[Result "1/2-1/2"]
[WhiteElo "1975"]
[BlackElo "2042"]
[PlyCount "77"]
[EventDate "2010.01.16"]
[SourceDate "2009.10.24"]

1. e4 c6 2. d4 d5 3. e5 Bf5 4. Nf3 e6 5. Be2 c5 6. c3 Nc6 7. O-O h6 8. Be3 c4
9. b3 b5 10. bxc4 bxc4 11. Qa4 Qd7 12. Nh4 Bxb1 13. Raxb1 Nxe5 14. Bd1 Nc6 15.
Qa6 Bd6 16. Rb7 Bc7 17. Ba4 Nge7 18. Bf4 Rc8 19. Nf3 f6 20. Rxa7 O-O 21. Qb7 e5
22. dxe5 Qf5 23. Bxc6 Qxf4 24. Bd7 fxe5 25. Bxc8 Rxc8 26. Ra8 Rxa8 27. Qxa8+
Kh7 28. Qb7 e4 29. g3 Qxf3 30. Qxc7 Ng6 31. Qd7 Qh5 32. Qe6 Ne5 33. h4 Nf3+ 34.
Kg2 Nd2 35. Re1 Qf3+ 36. Kg1 Qxc3 37. Qf5+ Kh8 38. Qf8+ Kh7 39. Qf5+ 1/2-1/2

[Event "4NCL/Div3/NOTT1 vs. KJCAK"]
[Site "Hinckley Island ENG"]
[Date "2010.01.16"]
[Round "3.1"]
[White "Richmond, Robert J"]
[Black "Jones, William EG"]
[Result "1-0"]
[WhiteElo "2200"]
[BlackElo "2084"]
[PlyCount "49"]
[EventDate "2010.01.16"]
[SourceDate "2009.10.24"]

1. d4 Nf6 2. c4 g6 3. Nc3 Bg7 4. e4 d6 5. f3 O-O 6. Be3 c5 7. Nge2 Nc6 8. Qd2
e6 9. Rd1 cxd4 10. Nxd4 d5 11. Nxc6 bxc6 12. Be2 Ba6 13. O-O dxe4 14. Qc2 Qa5
15. fxe4 Rfd8 16. b3 Ng4 17. Bxg4 Bxc3 18. Qf2 f5 19. exf5 exf5 20. Bf3 Rxd1
21. Bxd1 Qc7 22. Bc5 Be5 23. g3 Bc8 24. Qd2 Bb7 25. Qd7 1-0

[Event "4NCL/Div3/NOTT1 vs. KJCAK"]
[Site "Hinckley Island ENG"]
[Date "2010.01.16"]
[Round "3.2"]
[White "Jones, Victor GL"]
[Black "Walker, Andrew N"]
[Result "1/2-1/2"]
[WhiteElo "2062"]
[BlackElo "2087"]
[PlyCount "86"]
[EventDate "2010.01.16"]
[SourceDate "2009.10.24"]

1. e4 e5 2. f4 exf4 3. Nf3 d5 4. exd5 Nf6 5. Bc4 Nxd5 6. Bb3 Nc6 7. c4 Nb6 8.
d4 Bb4+ 9. Nc3 O-O 10. O-O Bg4 11. c5 Bxf3 12. Rxf3 Qxd4+ 13. Qxd4 Nxd4 14.
cxb6 axb6 15. Nd5 Bc5 16. Kf1 Nxf3 17. gxf3 c6 18. Nc3 Rfd8 19. Bxf4 Rd3 20.
Ke2 Rd4 21. Ne4 Re8 22. Rc1 Kf8 23. Be3 Rd5 24. Bxd5 Bxe3 25. Kxe3 cxd5 26. Kf4
dxe4 27. fxe4 f6 28. h4 Re7 29. Rd1 g5+ 30. hxg5 fxg5+ 31. Kf5 g4 32. Rd8+ Kf7
33. Kxg4 Rxe4+ 34. Kf5 Re2 35. Rd7+ Ke8 36. Rxb7 Rxb2 37. a4 Rb4 38. Rxh7 Rxa4
39. Ke6 Re4+ 40. Kd5 Rg4 41. Kc6 Rg6+ 42. Kb5 Kd8 43. Rb7 Kc8 1/2-1/2

[Event "4NCL/Div3/NOTT1 vs. KJCAK"]
[Site "Hinckley Island ENG"]
[Date "2010.01.16"]
[Round "3.3"]
[White "Coates, David H"]
[Black "Bayliss, Lyall CP"]
[Result "0-1"]
[WhiteElo "2067"]
[BlackElo "1960"]
[PlyCount "110"]
[EventDate "2010.01.16"]
[SourceDate "2009.10.24"]

1. e4 e5 2. Nf3 Nc6 3. d4 exd4 4. Nxd4 Nf6 5. Nxc6 bxc6 6. e5 Qe7 7. Qe2 Nd5 8.
c4 Ba6 9. b3 g5 10. g3 Bg7 11. Bb2 O-O-O 12. Bg2 Rde8 13. O-O Bxe5 14. Qxe5
Qxe5 15. Bxe5 Rxe5 16. cxd5 Bxf1 17. Kxf1 cxd5 18. Nc3 c6 19. Rd1 Rhe8 20. Bf3
f5 21. h3 Kc7 22. Ne2 a6 23. Rd4 Kd6 24. Ra4 Ra8 25. Nc1 Ree8 26. Nd3 a5 27.
Rd4 h6 28. Ne1 Kc5 29. Nc2 Re5 30. Ra4 Kb6 31. Ne1 Rae8 32. Nd3 R5e6 33. Rd4
R8e7 34. Kg2 d6 35. Kf1 Kb5 36. Ra4 Re8 37. Rd4 R8e7 38. Kg2 Re4 39. a4+ Kb6
40. Bxe4 Rxe4 41. Rxe4 dxe4 42. Ne1 Kc5 43. Nc2 d5 44. Kf1 d4 45. Ke1 f4 46.
Kd2 d3 47. Na3 e3+ 48. Kxd3 exf2 49. Ke2 fxg3 50. Nc2 h5 51. Kf1 h4 52. Kg2 g4
53. Ne3 gxh3+ 54. Kxh3 Kb4 55. Kxh4 g2 0-1

[Event "4NCL/Div3/NOTT1 vs. KJCAK"]
[Site "Hinckley Island ENG"]
[Date "2010.01.16"]
[Round "3.4"]
[White "Lunn, Matthew"]
[Black "Levens, David G"]
[Result "1/2-1/2"]
[WhiteElo "1905"]
[BlackElo "1986"]
[PlyCount "97"]
[EventDate "2010.01.16"]
[SourceDate "2009.10.24"]

1. d4 d5 2. c4 c6 3. Nc3 Nf6 4. Nf3 dxc4 5. a4 Bf5 6. Ne5 e6 7. f3 Bb4 8. e4
Bxe4 9. fxe4 Nxe4 10. Bd2 Qxd4 11. Nxe4 Qxe4+ 12. Qe2 Bxd2+ 13. Kxd2 Qd5+ 14.
Kc2 Na6 15. Nxc4 Rd8 16. Qe5 O-O 17. Be2 Nb4+ 18. Kb3 Qxe5 19. Nxe5 Nd5 20. Bf3
f6 21. Nc4 e5 22. Rad1 Rfe8 23. Rhe1 g6 24. Rd2 Kf7 25. g3 Nb6 26. Nd6+ Ke6 27.
Red1 Re7 28. Nxb7 Rxd2 29. Nc5+ Kd6 30. Ne4+ Kc7 31. Nxd2 f5 32. Nc4 e4 33.
Nxb6 axb6 34. Be2 g5 35. Kc4 f4 36. gxf4 gxf4 37. Rf1 f3 38. Bxf3 exf3 39. Rxf3
Re4+ 40. Kb3 Rh4 41. Rf7+ Kb8 42. Rf2 Kb7 43. Ka3 c5 44. b3 h5 45. Kb2 Ka6 46.
Kc3 Rg4 47. Rf5 Rh4 48. Rf2 Rd4 49. Rf5 1/2-1/2

[Event "4NCL/Div3/NOTT1 vs. KJCAK"]
[Site "Hinckley Island ENG"]
[Date "2010.01.16"]
[Round "3.5"]
[White "Truman, Richard G"]
[Black "Maguire, Robert"]
[Result "1-0"]
[WhiteElo "2015"]
[BlackElo "1825"]
[PlyCount "69"]
[EventDate "2010.01.16"]
[SourceDate "2009.10.24"]

1. d4 Nf6 2. c4 g6 3. Nc3 Bg7 4. e4 d6 5. f3 O-O 6. Be3 c5 7. Nge2 Nc6 8. d5
Ne5 9. Ng3 e6 10. Be2 exd5 11. cxd5 Bd7 12. h3 b5 13. f4 Nc4 14. Bxc4 bxc4 15.
O-O Re8 16. Qf3 Kh8 17. Kh1 Ng8 18. e5 dxe5 19. Bxc5 Qh4 20. Nge4 Qxf4 21. Qxf4
exf4 22. Nd6 Nh6 23. Nxe8 Rxe8 24. Rxf4 a6 25. Bd4 Bxd4 26. Rxd4 Rc8 27. Re1
Kg7 28. Kh2 Nf5 29. Rd2 Rd8 30. Rde2 Kf8 31. Re4 Nd6 32. Rh4 Kg7 33. Rf4 Rb8
34. Rf2 f5 35. Re7+ 1-0

[Event "4NCL/Div3/NOTT1 vs. KJCAK"]
[Site "Hinckley Island ENG"]
[Date "2010.01.16"]
[Round "3.6"]
[White "Jones, Laurence AG"]
[Black "Kingston, Ian"]
[Result "1-0"]
[WhiteElo "1747"]
[BlackElo "1999"]
[PlyCount "74"]
[EventDate "2010.01.16"]
[SourceDate "2009.10.24"]

1. e4 e5 2. Nf3 Nc6 3. Bb5 a6 4. Ba4 Nf6 5. O-O Be7 6. Re1 b5 7. Bb3 O-O 8. d3
d6 9. c3 Bg4 10. h3 Bh5 11. Nbd2 d5 12. exd5 Nxd5 13. Nf1 Bf6 14. Ng3 Bg6 15.
Ne4 Nb6 16. Nxf6+ Qxf6 17. Bg5 Qd6 18. d4 exd4 19. Nxd4 Na5 20. Be7 Qf4 21.
Bxf8 Rxf8 22. Bc2 Nac4 23. Bxg6 hxg6 24. Qe2 Nd6 25. Qg4 Qd2 26. Nc6 Nf5 27.
Re2 Qd6 28. Nb4 Nc4 29. b3 Na3 30. Qf3 Rd8 31. Rae1 c5 32. Nc6 Rd7 33. Ne5 Rd8
34. Qb7 Qf6 35. Qc7 b4 36. cxb4 cxb4 37. Nxf7 Nb5 1-0

[Event "4NCL/Div3/WWKS2 vs. FPONTY"]
[Site "Hinckley Island ENG"]
[Date "2010.01.16"]
[Round "3.1"]
[White "Galloway, Iain A"]
[Black "Gilbert, Jonathan A"]
[Result "1/2-1/2"]
[WhiteElo "2102"]
[BlackElo "2058"]
[PlyCount "50"]
[EventDate "2010.01.16"]
[SourceDate "2009.10.24"]

1. e4 c5 2. Ne2 Nc6 3. c4 e5 4. Nbc3 d6 5. g3 g6 6. Bg2 Bg7 7. d3 Nge7 8. O-O
O-O 9. a3 Bg4 10. f3 Be6 11. Nd5 f5 12. Nec3 Qd7 13. Be3 Nd4 14. b4 Bxd5 15.
Nxd5 Nxd5 16. cxd5 fxe4 17. dxe4 b6 18. Rb1 Rf7 19. bxc5 dxc5 20. f4 Raf8 21.
Qd3 Qg4 22. Bxd4 cxd4 23. fxe5 Bxe5 24. Rxf7 Rxf7 25. Qb5 Qd7 1/2-1/2

[Event "4NCL/Div3/WWKS2 vs. FPONTY"]
[Site "Hinckley Island ENG"]
[Date "2010.01.16"]
[Round "3.3"]
[White "Fallowfield, Jeremy"]
[Black "Miles, Richard"]
[Result "1-0"]
[WhiteElo "2048"]
[BlackElo "2074"]
[PlyCount "53"]
[EventDate "2010.01.16"]
[SourceDate "2009.10.24"]

1. e4 c5 2. Nc3 a6 3. f4 e6 4. Nf3 Nc6 5. Be2 d6 6. O-O Be7 7. d3 Nf6 8. Qe1
Nd4 9. Bd1 Nc6 10. e5 Nd5 11. Ne4 b6 12. Qg3 g6 13. exd6 Bxd6 14. Neg5 Qc7 15.
Ne5 Nxe5 16. fxe5 Bxe5 17. Qf3 f6 18. c4 fxg5 19. Bxg5 Bb7 20. Ba4+ b5 21. cxb5
Nb6 22. bxa6+ Nxa4 23. axb7 Rb8 24. Rae1 Bd4+ 25. Kh1 e5 26. Qd5 Qd7 27. Rxe5+
1-0

[Event "4NCL/Div3/WWKS2 vs. FPONTY"]
[Site "Hinckley Island ENG"]
[Date "2010.01.16"]
[Round "3.4"]
[White "Adams, Mark A"]
[Black "Stepanyan, Henrik"]
[Result "1/2-1/2"]
[WhiteElo "2026"]
[BlackElo "2002"]
[PlyCount "37"]
[EventDate "2010.01.16"]
[SourceDate "2009.10.24"]

1. e4 c5 2. Nf3 Nc6 3. d4 cxd4 4. Nxd4 d6 5. Nc3 Nf6 6. Be2 g6 7. Be3 Bg7 8.
Qd2 Bd7 9. O-O-O Rc8 10. h4 h5 11. Kb1 Ng4 12. Bxg4 Bxg4 13. f3 Bd7 14. Nxc6
Rxc6 15. Bd4 Bh6 16. Qf2 O-O 17. Be3 Bg7 18. Bd4 Bh6 19. Be3 1/2-1/2

[Event "4NCL/Div3/WWKS2 vs. FPONTY"]
[Site "Hinckley Island ENG"]
[Date "2010.01.16"]
[Round "3.5"]
[White "Pickering, Carl A"]
[Black "Dixon, Chris"]
[Result "1/2-1/2"]
[WhiteElo "1946"]
[BlackElo "1953"]
[PlyCount "44"]
[EventDate "2010.01.16"]
[SourceDate "2009.10.24"]

1. e4 d6 2. Nc3 Nf6 3. f4 g6 4. Nf3 Bg7 5. Bb5+ c6 6. Be2 O-O 7. O-O e5 8. fxe5
dxe5 9. Kh1 Qe7 10. Qe1 Bg4 11. Ng1 Bxe2 12. Qxe2 Nbd7 13. d3 Qe6 14. Nf3 h6
15. Qf2 b5 16. Nd1 Nh5 17. Ne3 Ndf6 18. Bd2 a5 19. a4 b4 20. Nc4 Nxe4 21. Qe1
Nxd2 22. Qxd2 f6 1/2-1/2

[Event "4NCL/Div3/NOTT2 vs. BCA"]
[Site "Hinckley Island ENG"]
[Date "2010.01.16"]
[Round "3.1"]
[White "Flynn, David"]
[Black "Crouch, Colin S"]
[Result "1/2-1/2"]
[WhiteElo "2053"]
[BlackElo "2346"]
[PlyCount "42"]
[EventDate "2010.01.16"]
[SourceDate "2009.10.24"]

1. e4 d5 2. exd5 Qxd5 3. Nc3 Qd6 4. d4 Nf6 5. Nf3 c6 6. Be2 Bg4 7. Be3 Nbd7 8.
Qd2 e6 9. O-O-O Qc7 10. Bf4 Qa5 11. a3 Nb6 12. h3 Bxf3 13. gxf3 Bxa3 14. bxa3
Qxa3+ 15. Kb1 Nfd5 16. Nxd5 Nxd5 17. c4 Qb3+ 18. Kc1 Nb4 19. Qb2 Na2+ 20. Kb1
Nc3+ 21. Kc1 Na2+ 1/2-1/2

[Event "4NCL/Div3/NOTT2 vs. BCA"]
[Site "Hinckley Island ENG"]
[Date "2010.01.16"]
[Round "3.2"]
[White "Mordue, A Tyson"]
[Black "Combie, Alexander"]
[Result "0-1"]
[WhiteElo "2286"]
[BlackElo "1945"]
[PlyCount "114"]
[EventDate "2010.01.16"]
[SourceDate "2009.10.24"]

1. e4 c5 2. Nf3 d6 3. d4 cxd4 4. Nxd4 Nf6 5. Nc3 a6 6. Bg5 e6 7. f4 Nc6 8. Qd2
h6 9. Bxf6 Qxf6 10. Nf3 Be7 11. O-O-O g5 12. g3 gxf4 13. gxf4 Ne5 14. Nd4 Ng6
15. f5 Ne5 16. Kb1 Qg5 17. Bh3 Qxd2 18. Rxd2 Bg5 19. Rg2 Ke7 20. Na4 Nc4 21.
fxe6 fxe6 22. Nf3 b5 23. Nc3 b4 24. Nd1 Bb7 25. Nxg5 hxg5 26. Rxg5 Bxe4 27. Bg2
Rag8 28. Rxg8 Rxg8 29. Bxe4 Nd2+ 30. Kc1 Nxe4 31. h4 Rh8 32. c3 bxc3 33. Nxc3
Nxc3 34. bxc3 Rh5 35. Kc2 d5 36. Kb3 Kd6 37. Kb4 Kc6 38. a4 Kb6 39. a5+ Kc6 40.
Rh2 e5 41. c4 d4 42. Re2 Kd6 43. Re4 Ke6 44. Kc5 Rh8 45. Kb6 Kf5 46. Re1 e4 47.
c5 e3 48. c6 Ke4 49. Kxa6 d3 50. c7 d2 51. Rb1 Rc8 52. Kb7 Rxc7+ 53. Kxc7 e2
54. a6 d1=Q 55. a7 Qc2+ 56. Kd8 Qa2 57. Rb7 Qg8+ 0-1

[Event "4NCL/Div3/NOTT2 vs. BCA"]
[Site "Hinckley Island ENG"]
[Date "2010.01.16"]
[Round "3.3"]
[White "Webster, Richard J"]
[Black "Ross, Chris N"]
[Result "0-1"]
[WhiteElo "1969"]
[BlackElo "2207"]
[PlyCount "62"]
[EventDate "2010.01.16"]
[SourceDate "2009.10.24"]

1. e4 c5 2. Nc3 Nc6 3. g3 g6 4. Bg2 Bg7 5. d3 Rb8 6. a4 a6 7. f4 d6 8. Be3 Nf6
9. Nge2 Bd7 10. O-O b5 11. axb5 axb5 12. Qb1 b4 13. Nd1 Ng4 14. Bd2 Qb6 15. Kh1
h5 16. h3 c4 17. c3 cxd3 18. Qxd3 h4 19. Ra6 Qc5 20. cxb4 Nxb4 21. Bxb4 Qxb4
22. Qf3 hxg3 23. f5 Ne5 24. Qxg3 Qb5 25. Ra7 Qxe2 26. fxg6 fxg6 27. Ne3 Bf6 28.
Kg1 Bh4 29. Qxh4 Rxh4 30. Nd5 Qxf1+ 31. Bxf1 Rxb2 0-1

[Event "4NCL/Div3/NOTT2 vs. BCA"]
[Site "Hinckley Island ENG"]
[Date "2010.01.16"]
[Round "3.4"]
[White "Armstrong, William G"]
[Black "Burke, Steven J"]
[Result "1/2-1/2"]
[WhiteElo "1966"]
[BlackElo "1954"]
[PlyCount "63"]
[EventDate "2010.01.16"]
[SourceDate "2009.10.24"]

1. e4 Nf6 2. e5 Nd5 3. Bc4 e6 4. Nf3 Nb6 5. Bb3 d5 6. O-O c5 7. c3 Nc6 8. d4
Be7 9. Re1 h6 10. Be3 c4 11. Bc2 Bd7 12. Nfd2 Qc7 13. b4 O-O-O 14. a4 Kb8 15.
a5 Nc8 16. Na3 Rdg8 17. Ba4 Nd8 18. Qc2 f5 19. Reb1 Bxa4 20. Qxa4 g5 21. Nf1 g4
22. b5 Qd7 23. Nc2 Qe8 24. Nb4 Bxb4 25. Qxb4 Qf7 26. Bf4 h5 27. Ne3 Qe7 28. Qa4
Ka8 29. Nc2 Qd7 30. Nb4 Rh7 31. Rb2 Rf7 32. Nc2 1/2-1/2

[Event "4NCL/Div3/NOTT2 vs. BCA"]
[Site "Hinckley Island ENG"]
[Date "2010.01.16"]
[Round "3.5"]
[White "Taylor, Robert P"]
[Black "Burnell, Steve"]
[Result "1/2-1/2"]
[WhiteElo "1978"]
[BlackElo "1898"]
[PlyCount "81"]
[EventDate "2010.01.16"]
[SourceDate "2009.10.24"]

1. d4 d5 2. Nf3 Nf6 3. Bg5 e6 4. e3 Be7 5. Bd3 Nbd7 6. Nbd2 c5 7. c3 b6 8. O-O
Bb7 9. Re1 O-O 10. a4 a6 11. b3 Re8 12. Rc1 Ne4 13. Bxe7 Qxe7 14. Qc2 Ndf6 15.
Ne5 Rac8 16. f3 Nxd2 17. Qxd2 Nd7 18. Nxd7 Qxd7 19. Qe2 a5 20. Rc2 g6 21. Rec1
e5 22. Qf2 c4 23. bxc4 dxc4 24. Be4 Bxe4 25. fxe4 exd4 26. cxd4 Rxe4 27. Rxc4
Rxc4 28. Rxc4 Qe8 29. Qc2 Kg7 30. Rc8 Qe6 31. Rc6 Qd5 32. Rc3 Qe6 33. Qb3 Rxd4
34. Qxe6 Rd1+ 35. Kf2 fxe6 36. Rc6 Rb1 37. Rxe6 Rb4 38. Kf3 Kf7 39. Rc6 h6 40.
e4 b5 41. axb5 1/2-1/2

[Event "4NCL/Div3/NOTT2 vs. BCA"]
[Site "Hinckley Island ENG"]
[Date "2010.01.16"]
[Round "3.6"]
[White "Andrews, Norman G"]
[Black "Hill, Maurice J"]
[Result "1/2-1/2"]
[WhiteElo "1738"]
[BlackElo "1802"]
[PlyCount "68"]
[EventDate "2010.01.16"]
[SourceDate "2009.10.24"]

1. d4 Nf6 2. Bg5 e6 3. e4 h6 4. Bxf6 Qxf6 5. Nf3 c5 6. e5 Qd8 7. c3 Qb6 8. Qc2
Nc6 9. dxc5 Bxc5 10. Bd3 Qc7 11. Qe2 O-O 12. Qe4 g6 13. O-O d5 14. exd6 Bxd6
15. Nbd2 Kg7 16. Nc4 e5 17. Nxd6 Qxd6 18. Qe2 f5 19. Rad1 Qf6 20. Bc4 e4 21.
Nd4 Ne5 22. Nc2 Bd7 23. Ne3 Rfd8 24. Nd5 Qc6 25. b3 Qc5 26. Nf4 Qe7 27. Bd5
Rab8 28. c4 Kh7 29. Qe3 a6 30. Qb6 Bc6 31. Bxc6 Nxc6 32. Nd5 Qg7 33. Nf4 Qe7
34. Nd5 Qg7 1/2-1/2

[Event "4NCL/Div3/GLOSG vs. RHYE"]
[Site "Hinckley Island ENG"]
[Date "2010.01.16"]
[Round "3.1"]
[White "Hosken, Nigel K"]
[Black "Jones, Richard S"]
[Result "0-1"]
[WhiteElo "2109"]
[BlackElo "2321"]
[PlyCount "80"]
[EventDate "2010.01.16"]
[SourceDate "2009.10.24"]

1. d4 Nf6 2. c4 g6 3. Nc3 Bg7 4. e4 d6 5. Nf3 O-O 6. h3 e5 7. d5 a5 8. Bg5 Na6
9. Be2 Kh8 10. Nd2 Qe8 11. Rb1 Bd7 12. b3 Ng8 13. g4 f6 14. Be3 Bh6 15. Bxh6
Nxh6 16. h4 Qe7 17. Rb2 c6 18. Ndb1 Nc7 19. Na4 cxd5 20. cxd5 Nb5 21. Bxb5 Bxb5
22. Nbc3 Bd7 23. f3 Qd8 24. Qd2 Nf7 25. Qe3 Rc8 26. h5 gxh5 27. Rbh2 b5 28. Nb2
Qc7 29. Nbd1 Qc5 30. Qxc5 Rxc5 31. Rxh5 Ng5 32. Kf2 b4 33. Ne2 Rc2 34. Ne3 Rxa2
35. Nf5 Bxf5 36. exf5 Rc8 37. Ke3 Rcc2 38. Re1 Rab2 39. Nc1 Rc3+ 40. Nd3 Rbxb3
0-1

[Event "4NCL/Div3/GLOSG vs. RHYE"]
[Site "Hinckley Island ENG"]
[Date "2010.01.16"]
[Round "3.2"]
[White "Kett, Timothy J"]
[Black "Waterfield, John W"]
[Result "1/2-1/2"]
[WhiteElo "2238"]
[BlackElo "1988"]
[PlyCount "67"]
[EventDate "2010.01.16"]
[SourceDate "2009.10.24"]

1. e4 c5 2. Nf3 d6 3. d4 cxd4 4. Nxd4 Nf6 5. Nc3 a6 6. Bc4 e6 7. Bb3 b5 8. O-O
Be7 9. f4 Bb7 10. e5 dxe5 11. fxe5 Bc5 12. Be3 Bxd4 13. Bxd4 Nc6 14. exf6 Qxd4+
15. Qxd4 Nxd4 16. Rad1 Nxb3 17. axb3 gxf6 18. Rxf6 Rg8 19. g3 Ke7 20. Rh6 Rad8
21. Re1 Rd2 22. Re2 Rxe2 23. Nxe2 Be4 24. c3 Rd8 25. Kf2 Bg6 26. Nd4 Rd6 27.
Ke3 e5 28. Nf3 Bc2 29. Rh4 f6 30. g4 Rd1 31. b4 Rb1 32. Rh6 Bg6 33. Nh4 Rxb2
34. Nxg6+ 1/2-1/2

[Event "4NCL/Div3/GLOSG vs. RHYE"]
[Site "Hinckley Island ENG"]
[Date "2010.01.16"]
[Round "3.3"]
[White "Taylor, Geoffrey P"]
[Black "Morris, Gareth L"]
[Result "0-1"]
[WhiteElo "1962"]
[BlackElo "2147"]
[PlyCount "80"]
[EventDate "2010.01.16"]
[SourceDate "2009.10.24"]

1. e4 c5 2. Nf3 Nc6 3. d4 cxd4 4. Nxd4 e5 5. Nb5 d6 6. c4 Be7 7. N1c3 a6 8. Na3
Be6 9. Be2 Bg5 10. Nc2 Bxc1 11. Rxc1 Nf6 12. O-O O-O 13. Ne3 Ne7 14. b3 Ne8 15.
Qd3 f5 16. Rfd1 f4 17. Ned5 Nc6 18. f3 Nd4 19. Bf1 Qh4 20. Rd2 Rc8 21. Ne2
Nxe2+ 22. Qxe2 Bxd5 23. Rxd5 Qe7 24. Qd2 Rf6 25. b4 b6 26. c5 bxc5 27. Bxa6 Ra8
28. Bc4 Kf8 29. b5 Qc7 30. Rxe5 dxe5 31. Qd5 Rd8 32. Qg8+ Ke7 33. Qxh7 Qb6 34.
a4 Rd4 35. h3 Rxc4 36. Rxc4 Kf8 37. a5 Qxa5 38. Qh8+ Ke7 39. Rxc5 Qb6 40. Kh2
Qxc5 0-1